| 000 | 00425cam a2200169 4500 | ||
|---|---|---|---|
| 001 | D14024 | ||
| 008 | 090401t1910 xxu||||| |||| 00| 0 eng d | ||
| 035 | _a(Sirsi) u12964 | ||
| 041 | _aeng | ||
| 100 | _aTaylor, W.H. | ||
| 245 | _aHandbook of law relating to the sale and purchase of real property | ||
| 260 |
_aLondon _bEstates Gazette _c1910 |
||
| 350 | _a0 | ||
| 520 | _aShelf 135 | ||
| 942 | _n0 | ||
| 948 | _c04/03/1997 | ||
| 999 |
_c87045 _d87045 |
||